| 000 | 01485nam a22003137a 4500 | ||
|---|---|---|---|
| 003 | OSt | ||
| 005 | 20260415003908.0 | ||
| 008 | 250324b ||||| |||| 00| 0 eng d | ||
| 040 |
_bEnglish. _cCvSU-CCAT Campus Library. _erda. |
||
| 050 |
_aUM TX 353 _bB39 2005 |
||
| 100 |
_aBay, Mylyn A., author. _915599 |
||
| 245 |
_aTraining needs in Food Technology of Bachelor of Science in Industrial Education graduates of Cavite State University Rosario Campus S.Y. 20021-2002 and 2002-2003 / _cMylyn A. Bay, Armie P. Lontoc, Juvy C. Merza. |
||
| 260 |
_aRosario, Cavite : _bCavite State University-CCAT Campus, _c2005 |
||
| 300 |
_axii, 30 leaves : _billustrations ; _c28 cm |
||
| 500 | _aUndergraduate Thesis (BSIE Major in Food Technology) -- Cavite State University-CCAT Campus, 2005. | ||
| 504 | _aIncludes bibliographical references and appendices. | ||
| 520 | _b | ||
| 546 | _aIn English text | ||
| 650 |
_aFood industry and trade _xStudy and teaching (Higher) _916852 |
||
| 650 |
_aIndustrial arts _xtudy and teaching _zPhilippines. _916853 |
||
| 650 |
_aTechnical education _zPhilippines. _916854 |
||
| 650 |
_aEducational surveys _zPhilippines _zCavite. _916855 |
||
| 650 |
_aCollege graduates _xTraining of _zPhilippines. _916856 |
||
| 700 |
_aLontoc, Armie P., author. _915600 |
||
| 700 |
_aMerza, Juvy C., author. _915601 |
||
| 700 |
_aVentura, Romulo V., adviser. _914886 |
||
| 942 |
_cT/M/D _hTX 353 B39 2005 _kUM _2lcc |
||
| 999 |
_c4002 _d4002 |
||